000 00683nam a2200229 a 4500
005 20260327064208.0
008 140624s2006 mx r 000 0 spa d
020 _a8467508612
035 _aUPN01000198262
049 _aI
050 4 _aPZ10.3
_bS7.3
100 1 _aStanton, Philip,
_d1962-
_935652
245 1 1 _a¡Hoy no voy al cole! /
_cPhilip Stanton.
260 _aMadrid :
_bSM,
_cc2006.
300 _a[45] p. :
_bil. col.
440 3 _aEl barco de vapor.
_pLa gata Misha
650 4 _aGatos
_vCuentos y leyendas
_911010
650 4 _aCuentos infantiles estadounidenses
_910762
650 4 _aLibros y lectura para niños
_92290
905 _aInfantil
999 _c170363
_d170363